Pokémon - Les attaques de Ptyranidur - Statistiques

Statistiques générales
  • Ce quiz a été pris 11 fois
  • Le résultat moyen est 10 sur 14
Statistiques - réponses
Niveaux Types Noms des attaques % Correct
Niveau 36 Dragon Draco-Griffe
100%
Niveau 20 Dragon Draco-Queue
100%
Niveau 32 Ténèbres Mâchouille
100%
Départ Normal Mimi-Queue
100%
Niveau 16 Ténèbres Morsure
100%
Niveau 8 Roche Pouvoir Antique
100%
Départ Normal Charge
80%
Niveau 12 Fée Charme
80%
Niveau 44 Sol Séisme
80%
Niveau 28 Roche Éboulement
60%
Niveau 40 Normal Mania
60%
Niveau 24 Normal Écrasement
40%
Niveau 4 Normal Hurlement
40%
Niveau 48 Normal Empal'Korne
0%
Aucun quiz correspondant
Distribution des résultats
% des personnes avec chaque résultat
Percentile par nombre de réponses
Votre historique - résultats
Vous n’avez pas pris ce quiz